Theorie generale des systemes
Αποθηκεύτηκε σε:
| Κύριος συγγραφέας: | |
|---|---|
| Μορφή: | Βιβλίο |
| Γλώσσα: | French English |
| Δημοσίευση: |
Paris :
Dunod,
1993.
|
| Θέματα: | |
| Ετικέτες: |
Προσθήκη ετικέτας
Δεν υπάρχουν, Καταχωρήστε ετικέτα πρώτοι!
|
MARC
| LEADER | 00000cam a2200000 i 4500 | ||
|---|---|---|---|
| 001 | 1/21475 | ||
| 008 | 970707s1993 fr | ||| |||| ||fre|| | ||
| 020 | |a 2100018418 | ||
| 035 | |a 1994 |b 3 |c Καϊλα |l 10036313 | ||
| 040 | |a GR-MyUA |b gre |e AACR2 | ||
| 041 | 1 | |a fre |h eng | |
| 082 | 0 | |a 003 | |
| 100 | 1 | |a Bertalanffy, Ludwig von, |d 1901-1972. | |
| 245 | 1 | 0 | |a Theorie generale des systemes / |c Ludwig von Bertalanffy ; traduit par Jean-Benoist Chabrol. |
| 260 | |a Paris : |b Dunod, |c 1993. | ||
| 300 | |a 308 σ. | ||
| 650 | 0 | 0 | |a System theory. |
| 765 | 0 | 8 | |i Μετάφραση του: |t General system theory : |
| 852 | |a INST |b RHODES |e 19970707 |h 003 BER |p 005400007683 |q 005400007683 |t BK |y 0 | ||
| 909 | |a Ρ |b 038025 | ||